National Assembly Library of Thailand

คู่มือทนายความในการดำเนินคดีอาญา [2nd] (ระเบียนเลขที่ 18002)

รายละเอียดในรูปแบบ MARC
000 -LEADER
fixed length control field 00791nam a22002057a 4500
005 - DATE AND TIME OF LATEST TRANSACTION
control field 20241028110312.0
008 - FIXED-LENGTH DATA ELEMENTS--GENERAL INFORMATION
fixed length control field s2522 th tha d
040 ## - CATALOGING SOURCE
Original cataloging agency NALT
041 ## - LANGUAGE CODE
Language code of text/sound track or separate title tha
090 ## - LOCALLY ASSIGNED LC-TYPE CALL NUMBER (OCLC); LOCAL CALL NUMBER (RLIN)
Classification number (OCLC) (R) ; Classification number, CALL (RLIN) (NR) KU135 ก125ค 2522
100 0# - MAIN ENTRY--PERSONAL NAME
Personal name กนกศักดิ์ เวชยานนท์
245 10 - TITLE STATEMENT
Title คู่มือทนายความในการดำเนินคดีอาญา [2nd]
260 3# - PUBLICATION, DISTRIBUTION, ETC.
Place of publication, distribution, etc. กรุงเทพฯ :
Name of publisher, distributor, etc. นิติบรรณการ,
Date of publication, distribution, etc. 2522
300 ## - PHYSICAL DESCRIPTION
Extent 226 หน้า ;
Other physical details 26 ซม.
650 04 - SUBJECT ADDED ENTRY--TOPICAL TERM
Topical term or geographic name entry element การดำเนินคดีอาญา
650 04 - SUBJECT ADDED ENTRY--TOPICAL TERM
Topical term or geographic name entry element ทนายความ -- คู่มือ
850 ## - HOLDING INSTITUTION
Holding institution NALT
942 ## - ADDED ENTRY ELEMENTS (KOHA)
Koha item type Law Book
Source of classification or shelving scheme Library of Congress Classification
Koha issues (borrowed), all copies 2
998 ## - LOCAL CONTROL INFORMATION (RLIN)
-- 111
-- นางสาวพจพิณ พรมเอี่ยม
รายการที่มีในห้องสมุด
Withdrawn status Lost status Damaged status Not for loan Collection code Home library Current library Date acquired Total Checkouts Total Renewals Full call number Barcode Date last seen Date last checked out Copy number Price effective from Koha item type
        Law Book collection National Assembly Library of Thailand National Assembly Library of Thailand 29/09/2022 2 1 KU 135 ก125ค 2522 3961138826 08/11/2024 28/10/2024 ฉ. 2 09/06/2017 Law Book
        Law Book collection National Assembly Library of Thailand National Assembly Library of Thailand       KU 135 ก125ค 2522 3961126473 09/06/2017   ฉ. 1 09/06/2017 Law Book
หอสมุดรัฐสภา
สำนักงานเลขาธิการสภาผู้แทนราษฎร เลขที่ 1111 ถนนสามเสน แขวงถนนนครไชยศรี เขตดุสิต กรุงเทพฯ 10300
The Secretariat of the House of Representatives 1111 Samsen Road, Thanon Nakhon Chai Si, Dusit, Bangkok 10300, THAILAND
โทรศัพท์: +66(0) 2242 5900 ต่อ 5714-5 โทรสาร: +66(0) 2242 5990 อีเมล: [email protected]